000 00756nam a22001337a 4500
040 _cRUA
082 _aAVM CHO 2018 B649 Or.1
100 _aCHORK BORITH ចក់ បូរិន
245 _athe using of neem leaf powerder ( Azadirachta indica ) on cattle gastrointestinal parasites at peam chor district, prey veng province ការប្រើប្រាស់ម្សៅស្លឹកស្តៅលើបរាសិតក្នុងក្រពះពោះវៀនគោនៅស្រុកពាមជរ ខេត្តព្រៃវែង
260 _aRUA
_bPhnom penh
_c2018
300 _axi;36p
_bill;
_c219cm
856 _u CHORK BORITHhttps://drive.google.com/file/d/13o4k2Dpm8juYGqaySvyEO-KanHV8Zfby/view?usp=sharing
942 _cAVM
999 _c18331
_d18331